ბათუმის შოთა რუსთაველის სახელმწიფო უნივერსიტეტის ბიბლიოთეკა

Физика почв (ბიბ.ჩანაწერი № 46330)

000 -LEADER
fixed length control field 00489nam a2200205Ia 4500
001 - CONTROL NUMBER
control field 13166
003 - CONTROL NUMBER IDENTIFIER
control field GE_BSU
008 - FIXED-LENGTH DATA ELEMENTS--GENERAL INFORMATION
fixed length control field 181216s||||||||xx |||||||||||||| ||und||
040 ## - CATALOGING SOURCE
Transcribing agency GE_BSU
080 ## - UNIVERSAL DECIMAL CLASSIFICATION NUMBER
Universal Decimal Classification number 631.4
100 ## - MAIN ENTRY--PERSONAL NAME
Personal name Ревут,И.Б.
245 ## - TITLE STATEMENT
Title Физика почв
250 ## - EDITION STATEMENT
Edition statement 2-ое доп. и перер.
260 ## - PUBLICATION, DISTRIBUTION, ETC.
Place of publication, distribution, etc. Ленинград
260 ## - PUBLICATION, DISTRIBUTION, ETC.
Name of publisher, distributor, etc. Колос
260 ## - PUBLICATION, DISTRIBUTION, ETC.
Date of publication, distribution, etc. 1972
300 ## - PHYSICAL DESCRIPTION
Extent 366стр.20см.илл.
653 ## - INDEX TERM--UNCONTROLLED
Uncontrolled term Физика почв
942 ## - ADDED ENTRY ELEMENTS (KOHA)
Koha item type წიგნი
ეგზემპლარები
Withdrawn status Lost status Damaged status Not for loan Date acquired Barcode Date last seen Price effective from Koha item type
        2018-12-17 21039 2018-12-17 2018-12-17 წიგნი
        2018-12-17 21040 2018-12-17 2018-12-17 წიგნი